Adopt me Pets by Percentages - Statistics

General Stats
  • This quiz has been taken 214 times
  • The average score is 4 of 10
Answer Stats
Percent Pet % Correct
56.12% Cat/Dog/Buffalo
77%
0.01% Unicorn
71%
0.1% Dragon
61%
2% Shadow Dragon/Frost Dragon/Bat Dragon
56%
1% Turtle/Owl/Crow
42%
10.5% Koala/Turkey/Shiba Inu
27%
23.5% Snow Cat/Fennec Fox/Chocolate Labrador
22%
10% Lion/Horse/Golden Penguin/ King Bee
17%
34% Wolf/Dingo/Pet Rock
16%
5% Queen Bee
7%
No matching quizzes found
Score Distribution
Percent of People with Each Score
Percentile by Number Answered
Your Score History
You have not taken this quiz